| 000 | 00703nam a2200229 a 4500 | ||
|---|---|---|---|
| 001 | 000020265 | ||
| 005 | 20200929170335.0 | ||
| 008 | 100802s2012 dr a 000 0 spa d | ||
| 020 | _a9789945580013 | ||
| 040 |
_aDO-SdBNP _bspa _cBNPHU |
||
| 082 |
_axxxxxx _bxxxxxx |
||
| 245 | 0 | 0 |
_aProgramacion II / _cAilyn Febles Estrada ... [et al.]. |
| 260 |
_aSanto Domingo : _bUAPA, _c2012. |
||
| 300 |
_a307 p. : _bil. ; _c26 cm. |
||
| 490 | 1 | _aAutoaprendizaje | |
| 504 | _aBibliografías : p. 307 | ||
| 700 | 1 |
_aEstrada Sentí, Vivian _942886 |
|
| 700 | 1 |
_aFebles Rodríguez, Orestes _942887 |
|
| 700 | 1 |
_aHiraldo Trejo, Reyna _942888 |
|
| 700 | 1 |
_aJiminián, Yanet _935102 |
|
| 830 | 0 |
_aAutoaprendizaje _91208 |
|
| 999 |
_c19769 _d19769 |
||